000 00545nam a22001817a 4500
005 20251108173109.0
008 250721s2004 xx 000 0 ara d
082 1 4 _a362.8/مؤم
100 1 _aمؤمن، داليا
245 1 0 _aالأسرة و العلاج الأسري /
264 1 _aالقاهرة :
_bالسحاب للنشر،
_c2004.
300 _a176ص
650 1 7 _aالتفكك الأسري
650 1 7 _aالحرمان الإجتماعي
650 1 7 _aالمشاكل الإجتماعية
942 _2ddc
_cBK
999 _c95979
_d95979